000 00664nam a22002657a 4500
003 UA-OsUOA
001 27358
007 ta
008 20040625b un ||||| |||| 00| 0 ukr d
100 _aТкачук А.
090 _a347.9(477)
_bТ48
942 _cBK
040 _aUA-OsUOA
_bukr
_cUA-OsUOA
_dUA-OsUOA
245 _aСудова система України
300 _a55 с.
955 _a0
041 _aukr
080 _a347.9(477)
020 _a966-95537-9-2
260 _aКиїв
_bІнститут громадського суспільства
_c1999
044 _aUA
250 _nВид. 2-е
650 7 _2UDC
999 _c313702
_d313702